000 00265nam a2200109Ia 4500
008 190913s9999||||xx |||||||||||||| ||und||
100 _aKenneth C
245 3 _aAn Introduction to Computer Networking
260 _aIndia
_bPearson
_c1999
300 _a570
942 _cBK
999 _c8338
_d8338